000 00446nam a2200193Ia 4500
005 20240823033655.0
008 240823s9999||||xx |||||||||||||| ||und||
020 _a978-81-8495-173-8
041 _aENGLISH
082 _A813.54 Q0
100 _aMax Lucado
245 0 _aFearless Image Your Life without fear
250 _a1st
260 _c2010
_bJaico
500 _aYES
650 _aFearless
_bGeneral
942 _cBK
999 _c196383
_d196383